Financial institutions management : a risk management approach
Αποθηκεύτηκε σε:
| Κύριοι συγγραφείς: | , |
|---|---|
| Μορφή: | Βιβλίο |
| Γλώσσα: | English |
| Δημοσίευση: |
New York :
McGraw-Hill/Irwin,
2006
|
| Έκδοση: | 5th ed. |
| Σειρά: | McGraw-Hill/Irwin series in finance, insurance, and real estate
|
| Θέματα: | |
| Ετικέτες: |
Προσθήκη ετικέτας
Δεν υπάρχουν, Καταχωρήστε ετικέτα πρώτοι!
|
MARC
| LEADER | 00000nam a2200000 i 4500 | ||
|---|---|---|---|
| 001 | 1/50404 | ||
| 008 | 070803s2006 eng d | ||
| 020 | |a 007-124475-1 | ||
| 035 | |l 10089447 | ||
| 040 | |a GR-MY-UA |b gre |e aacr | ||
| 041 | 0 | |a eng | |
| 082 | 0 | |a 332.1068 |2 (22) | |
| 100 | 1 | |a Saunders, Anthony |d 1949- |4 aut | |
| 245 | 1 | 0 | |a Financial institutions management : |b a risk management approach / |c Anthony Saunders, Marcia Millon Cornett |
| 250 | |a 5th ed. | ||
| 260 | |a New York : |b McGraw-Hill/Irwin, |c 2006 | ||
| 300 | |a xxiv, 856 σ.; |b εικ.; |c 27 εκ. | ||
| 490 | 1 | |a McGraw-Hill/Irwin series in finance, insurance, and real estate | |
| 504 | |a Περιλαμβάνει ευρετήριο | ||
| 650 | 0 | 0 | |a Financial institutions |x Management. |
| 650 | 0 | 0 | |a Risk management |z United States. |
| 700 | 1 | |a Cornett, Marcia Millon. |4 aut | |
| 830 | 0 | |a McGraw-Hill/Irwin series in finance, insurance, and real estate | |
| 852 | |a INST |b CHIOS |e 20070803 |h 332.1068 SAU |p 005200025814 |q 005200025814 |t BK |y 0 | ||
| 901 | |a BIBL2-2007-2 | ||
| 909 | |a Χ |b 137020 | ||
| 922 | |a 2ΕΛΗ |b 20007 |c ΕΠΕΑΕΚ2/ΤΝΕΥ |d ΠΑΠΑΣΩΤΗΡΙΟΥ | ||
| 970 | |a ΒΑΡΦΗΣ |b ΒΑΓΓΕΛΗΣ |z 2007/08/03 | ||